| 000 | 01188cam a22002891ia4500 | ||
|---|---|---|---|
| 003 | SA-RiAUC | ||
| 005 | 20250328122545.0 | ||
| 008 | 250328s1998 su f f000r0 ara c | ||
| 020 | _a505606609960(ج4) | ||
| 040 |
_aWILDLIFE _bara _cSA-RiAUC _erda |
||
| 043 | _aa-su--- | ||
| 082 | 0 | 4 |
_a348.531046 _qSA-RiAUC |
| 090 |
_a348.531046 _b س ع و |
||
| 110 | 1 |
_aالسعودية. _bوزارة العدل _eمؤلف. |
|
| 245 | 1 | 2 |
_aالتصنيف الموضوعي لتعاميم وزارة العدل خلال 74 عاما 1345-1412 هـ / _cأعدته لجنة متخصصة بوزارة العدل. |
| 246 | 3 | _aالتصنيف الموضوعي لتعاميم وزارة العدل خلال أربعة وسبعين عاما 1345-1412 هـ | |
| 250 | _aالطبعةالاولى | ||
| 264 | 1 |
_aالرياض : _bوزارة العدل، _c[1993] |
|
| 300 |
_a4 مجلد ؛ _c25 سم |
||
| 336 |
_aنص _btxt _2rdacontent _3كتاب |
||
| 337 |
_aبدون وسيط _bn _2rdamedia |
||
| 338 |
_aمجلد _bnc _2rdacarrier |
||
| 650 | 7 |
_aالقانون _zالسعودية _2aucsh |
|
| 856 | 4 | _uhttp://10.0.0.80:4042/16.pdf | |
| 942 |
_2ddc _cBOOK _n0 |
||
| 949 |
_aSA-JeALM _d250328 _ueid123 _n1 |
||
| 999 |
_c6673 _d6673 |
||